| 000 | 00746nam a22001577a 4500 | ||
|---|---|---|---|
| 003 | OSt | ||
| 005 | 20151104142902.0 | ||
| 008 | 151104b xxu||||| |||| 00| 0 eng d | ||
| 040 | _cRUA | ||
| 082 | _aFOR CHE 1999 B125 Or.1 | ||
| 100 |
_93342 _aCHEA, SARAN. |
||
| 245 | _aStudy on project of Technical standard of of exploitation in III-10 coupe of colexim concession in kompong thom province, សិក្សាគំរោងបែបបទបច្ចេកទេស អាជីវកម្មព្រៃកុប III-២០ នៃព្រៃសម្បទានសហគ្រាសកូឡិចស៊ីមនៅខេត្តកំពង់ធំ | ||
| 260 |
_aPhnom Penh _bRUA _c1999 |
||
| 300 |
_a56p. _bill. _c29cm. |
||
| 942 |
_2ddc _cFOR |
||
| 999 |
_c3117 _d3117 |
||